[Event "First Saturday 2010 februar GM"]
[Site "?"]
[Date "2010.02.15"]
[Round "10"]
[White "Quinn, Mark"]
[Black "Farago, Ivan"]
[Result "1-0"]
[WhiteElo "2401"]
[BlackElo "2512"]
[PlyCount "167"]
[EventDate "2010.02.06"]

1. c4 e5 2. Nc3 Nf6 3. Nf3 Nc6 4. g3 Bb4 5. Bg2 O-O 6. Nd5 Bc5 7. d3 h6 8. O-O
d6 9. Nd2 Bd7 10. Nb3 Bb6 11. Nxb6 axb6 12. d4 Qc8 13. d5 Ne7 14. f4 e4 15. Nd4
Bh3 16. f5 Bxg2 17. Kxg2 c5 18. Nb5 Qd7 19. b3 Nexd5 20. a4 Ne7 21. Qxd6 Qxd6
22. Nxd6 Rfd8 23. Bf4 Rd7 24. Kh3 Nc6 25. Rab1 Nd4 26. Rb2 Rad8 27. Nb5 Ne8 28.
g4 h5 29. gxh5 Nxf5 30. Bg5 Ne7 31. Nc3 f6 32. Bf4 f5 33. Bg5 Nf6 34. h6 Rf8
35. Kg2 Rf7 36. Kh1 Ng4 37. hxg7 Rxg7 38. Bxe7 Rdxe7 39. Nd5 Re5 40. h3 Rh7 41.
Kg2 Rxd5 42. hxg4 Rd4 43. Rxf5 e3 44. Rg5+ Kf7 45. Re5 Rxg4+ 46. Kf3 Rd4 47.
Kxe3 Rh3+ 48. Kf2 Rh2+ 49. Kf3 Rh3+ 50. Kg2 Rdh4 51. a5 Kf6 52. Rd5 Rh2+ 53.
Kf1 Rh1+ 54. Kf2 bxa5 55. Rxc5 Rh5 56. Rxh5 Rxh5 57. b4 axb4 58. Rxb4 Rh7 59.
Ke3 Ke5 60. Rb5+ Kd6 61. Kd4 Kc6 62. Rc5+ Kd6 63. Rg5 Rh2 64. Rg6+ Kd7 65. e4
Rd2+ 66. Kc5 Re2 67. Rg7+ Kc8 68. Re7 Kd8 69. Re5 Kc7 70. Kd5 Kd7 71. Rh5 Rd2+
72. Kc5 Re2 73. Rh7+ Kc8 74. Rh4 Kc7 75. Rh7+ Kc8 76. Re7 Kd8 77. Re6 Kd7 78.
Rd6+ Ke7 79. Rd4 Rb2 80. Kd5 Rb1 81. Rd2 b5 82. c5 b4 83. Kc6 Rc1 84. Rb2 1-0

[Event "First Saturday 2010 februar GM"]
[Site "?"]
[Date "2010.02.15"]
[Round "10"]
[White "Rapport, Richard"]
[Black "Boros, Denes"]
[Result "1-0"]
[WhiteElo "2444"]
[BlackElo "2494"]
[PlyCount "49"]
[EventDate "2010.02.06"]

1. d4 d5 2. c4 c6 3. Nf3 dxc4 4. e3 b5 5. a4 e6 6. axb5 cxb5 7. b3 Bb4+ 8. Bd2
Bxd2+ 9. Nbxd2 a5 10. bxc4 b4 11. Ne5 Nf6 12. Be2 O-O 13. Bf3 Ra7 14. O-O Qc7
15. Qa4 Bd7 16. Nxd7 Nbxd7 17. Rfc1 Rc8 18. g3 e5 19. c5 exd4 20. exd4 Nf8 21.
d5 Qe5 22. Nc4 Qf5 23. Kg2 Ne4 24. Qc2 Nxg3 25. Nd6 1-0

[Event "First Saturday 2010 februar GM"]
[Site "?"]
[Date "2010.02.16"]
[Round "11"]
[White "Boros, Denes"]
[Black "Platzgummer, Fabian"]
[Result "1-0"]
[WhiteElo "2494"]
[BlackElo "2401"]
[PlyCount "111"]
[EventDate "2010.02.06"]

1. e4 e5 2. Nf3 Nc6 3. Bb5 a6 4. Ba4 Nf6 5. O-O Be7 6. Re1 b5 7. Bb3 d6 8. c3
O-O 9. d4 Bg4 10. Be3 exd4 11. cxd4 Na5 12. Bc2 Nc4 13. Bc1 c5 14. Nbd2 Nxd2
15. Qxd2 Bxf3 16. gxf3 Qc8 17. dxc5 Qxc5 18. Bb3 Rad8 19. Qg5 Rfe8 20. Be3
Qxg5+ 21. Bxg5 d5 22. Rac1 Bb4 23. Red1 dxe4 24. Rxd8 Rxd8 25. fxe4 h6 26. Bxf6
gxf6 27. Rc7 Kg7 28. Bd5 Bd6 29. Rxf7+ Kg6 30. Ra7 Rc8 31. Rxa6 Rc1+ 32. Kg2
Be5 33. b4 Rb1 34. a3 Ra1 35. Bc6 Bb2 36. e5 fxe5 37. Bxb5+ Kg5 38. a4 Bc3 39.
Rc6 Bxb4 40. h4+ Kf5 41. Bd3+ e4 42. Bxe4+ Kxe4 43. Rc4+ Kf5 44. Rxb4 Ra3 45.
f3 Ra2+ 46. Kg3 Ra3 47. Rb5+ Kg6 48. h5+ Kf6 49. Ra5 Rb3 50. Kg4 Rb6 51. Rf5+
Ke6 52. Rb5 Rc6 53. a5 Rc4+ 54. f4 Ra4 55. Rb6+ Kf7 56. Ra6 1-0

[Event "First Saturday 2010 februar GM"]
[Site "?"]
[Date "2010.02.16"]
[Round "11"]
[White "Sahu, Sekhar Chandra"]
[Black "Quinn, Mark"]
[Result "1-0"]
[WhiteElo "2258"]
[BlackElo "2401"]
[PlyCount "97"]
[EventDate "2010.02.06"]

1. d4 Nf6 2. c4 e6 3. Nc3 Bb4 4. a3 Bxc3+ 5. bxc3 Nc6 6. e3 b6 7. Bd3 e5 8. Ne2
e4 9. Bb1 O-O 10. Ng3 Re8 11. f3 Ba6 12. fxe4 d6 13. Bd3 Na5 14. Qe2 Bb7 15.
O-O Nxe4 16. Nxe4 Bxe4 17. Bxe4 Rxe4 18. Rxf7 Kxf7 19. Qf3+ Qf6 20. Qxe4 Rf8
21. Qxh7 Ke7 22. h3 Nxc4 23. e4 Kd7 24. Kh2 Qe7 25. Qg6 Rf2 26. Bg5 Qf7 27.
Qxf7+ Rxf7 28. Kg3 a5 29. a4 Ke6 30. Rb1 Rf8 31. h4 c6 32. h5 d5 33. e5 Rf5 34.
Kg4 Rf2 35. g3 Ra2 36. Rf1 Rxa4 37. Rf8 Nxe5+ 38. Kh4 Nf7 39. Re8+ Kd6 40. Bf4+
Kd7 41. Rg8 Ra1 42. Rxg7 Ke6 43. Rg6+ Kf5 44. g4+ Ke4 45. Re6+ Kd3 46. Rf6 Rh1+
47. Kg3 Nd8 48. Bc7 Nb7 49. Rxc6 1-0

[Event "First Saturday 2010 februar GM"]
[Site "?"]
[Date "2010.02.16"]
[Round "11"]
[White "Yu, Lie"]
[Black "Ilincic, Zlatko"]
[Result "0-1"]
[WhiteElo "2359"]
[BlackElo "2464"]
[PlyCount "88"]
[EventDate "2010.02.06"]

1. e4 c5 2. Nf3 d6 3. d4 cxd4 4. Nxd4 Nf6 5. Nc3 a6 6. h3 h5 7. Be3 e6 8. Qf3
Bd7 9. O-O-O Nc6 10. Be2 Ne5 11. Qg3 h4 12. Qh2 Rc8 13. f4 Rxc3 14. bxc3 Nxe4
15. fxe5 Qa5 16. Rd3 Qxa2 17. Kd1 Qb1+ 18. Bc1 Nf2+ 19. Kd2 Nxh1 20. Qxh1 g6
21. exd6 Bh6+ 22. Re3 e5 23. Qg1 O-O 24. Nf3 Bf5 25. Bd1 Rd8 26. Ba3 Qa2 27.
Bc1 Qb1 28. Ba3 Qa1 29. Bc5 b6 30. Bxb6 Rxd6+ 31. Ke2 Rxb6 32. Rxe5 Rd6 33. Qe1
Bf4 34. Re8+ Kg7 35. Nd4 Bd7 36. Qxh4 Bb5+ 37. Kf3 Bxe8 38. Kxf4 Qxd1 39. Ke5
Rb6 40. Qd8 Qe1+ 41. Kd5 Rf6 42. g4 Bc6+ 43. Kc4 Bb5+ 44. Kb4 Qe5 0-1

[Event "First Saturday 2010 februar GM"]
[Site "?"]
[Date "2010.02.16"]
[Round "11"]
[White "Pap, Gyula"]
[Black "Sharma, Dinesh K"]
[Result "1-0"]
[WhiteElo "2478"]
[BlackElo "2344"]
[PlyCount "155"]
[EventDate "2010.02.06"]

1. d4 d5 2. Nf3 Nf6 3. c4 c6 4. e3 Bf5 5. Nc3 e6 6. Nh4 Bg6 7. Nxg6 hxg6 8. a3
Nbd7 9. g3 Bd6 10. b3 O-O 11. Bg2 dxc4 12. bxc4 e5 13. O-O Re8 14. Rb1 Rb8 15.
c5 Be7 16. Qa4 a6 17. Rd1 Qc7 18. Bd2 Nf8 19. Ne2 Bd8 20. d5 cxd5 21. Nc3 Be7
22. Nxd5 Nxd5 23. Bxd5 Rec8 24. Bb4 Bxc5 25. Bxc5 Qxc5 26. Rxb7 Rxb7 27. Bxb7
Rb8 28. Qxa6 Qc2 29. Rf1 Qc5 30. Rd1 Qc2 31. Rf1 Qc5 32. a4 Ne6 33. Be4 Kh7 34.
Qc6 Rb4 35. Ra1 Qa5 36. Bd5 e4 37. Bxe6 fxe6 38. Qxe6 Rxa4 39. Qh3+ Kg8 40.
Qc8+ Kh7 41. Qh3+ Kg8 42. Rb1 Qf5 43. Rb8+ Kf7 44. g4 Qd7 45. Qg3 Ra1+ 46. Kg2
g5 47. h3 Qd3 48. Qc7+ Kg6 49. Qc6+ Kh7 50. Qb5 Qxb5 51. Rxb5 Kg6 52. Rb4 Kf6
53. Rxe4 g6 54. Rb4 Rc1 55. Rb6+ Kf7 56. Rb3 Kf6 57. f4 gxf4 58. exf4 Kf7 59.
Kg3 Rc4 60. Rf3 Kf6 61. f5 g5 62. Re3 Rc1 63. Re6+ Kf7 64. Rg6 Rc3+ 65. Kg2
Rc2+ 66. Kf3 Rc3+ 67. Ke4 Rc4+ 68. Ke5 Rc3 69. Rxg5 Rxh3 70. Rh5 Rf3 71. Rh7+
Kg8 72. Ra7 Rb3 73. Kf6 Rb6+ 74. Kg5 Rc6 75. f6 Rb6 76. Kg6 Rb8 77. Rg7+ Kf8
78. Rh7 1-0

[Event "First Saturday 2010 februar GM"]
[Site "?"]
[Date "2010.02.16"]
[Round "11"]
[White "Padmini, Rout"]
[Black "Varga, Zoltan"]
[Result "1/2-1/2"]
[WhiteElo "2294"]
[BlackElo "2485"]
[PlyCount "22"]
[EventDate "2010.02.06"]

1. e4 d5 2. exd5 Qxd5 3. Nc3 Qa5 4. d4 Nf6 5. Nf3 c6 6. Bc4 Bf5 7. Bd2 Qb6 8.
Qe2 e6 9. O-O-O Nbd7 10. Rhe1 h6 11. a3 O-O-O 1/2-1/2

[Event "First Saturday 2010 februar GM"]
[Site "?"]
[Date "2010.02.17"]
[Round "12"]
[White "Sharma, Dinesh K"]
[Black "Padmini, Rout"]
[Result "1-0"]
[WhiteElo "2344"]
[BlackElo "2294"]
[PlyCount "77"]
[EventDate "2010.02.06"]

1. e4 c5 2. Nf3 d6 3. d4 cxd4 4. Nxd4 Nf6 5. Nc3 a6 6. Bg5 e6 7. Qd3 Nbd7 8.
O-O-O b5 9. f4 Bb7 10. e5 dxe5 11. fxe5 Nxe5 12. Qh3 Qb6 13. Ndxb5 axb5 14.
Bxb5+ Bc6 15. Rhe1 Bxb5 16. Rxe5 Bd7 17. Qd3 Rb8 18. b3 Ba3+ 19. Kb1 Bc6 20.
Qc4 Ke7 21. Be3 Qb7 22. Ra5 Rhd8 23. Rxd8 Rxd8 24. Rxa3 Ra8 25. Rxa8 Qxa8 26.
Qc5+ Ke8 27. g3 Ne4 28. Nxe4 Bxe4 29. a4 f6 30. a5 g5 31. Kb2 h5 32. c4 Bf5 33.
Qc7 Kf8 34. Ka3 Kg8 35. Bc5 Qh1 36. Qd8+ Kh7 37. Qe7+ Kg6 38. Qe8+ Kh7 39. Bf8
1-0

[Event "First Saturday 2010 februar GM"]
[Site "?"]
[Date "2010.02.17"]
[Round "12"]
[White "Ilincic, Zlatko"]
[Black "Pap, Gyula"]
[Result "1/2-1/2"]
[WhiteElo "2464"]
[BlackElo "2478"]
[PlyCount "119"]
[EventDate "2010.02.06"]

1. d4 Nf6 2. c4 e6 3. Nf3 d5 4. e3 a6 5. b3 c5 6. Be2 Nc6 7. O-O Bd6 8. Nc3 O-O
9. Bb2 cxd4 10. exd4 b6 11. Re1 Bb7 12. cxd5 exd5 13. Bd3 Re8 14. Rxe8+ Qxe8
15. Na4 Qd8 16. Ne5 Nb4 17. Bf1 Rc8 18. a3 Nc6 19. b4 Nb8 20. Bd3 Bc6 21. Nxc6
Rxc6 22. b5 axb5 23. Bxb5 Rc8 24. Rc1 Nbd7 25. Rxc8 Qxc8 26. Qc1 Qb8 27. g3 Nf8
28. Qc6 Bc7 29. Nc3 Qd8 30. Bf1 Ne6 31. Nb5 Bb8 32. Bg2 h6 33. Bc1 Nf8 34. Bd2
Ng6 35. Bb4 Kh7 36. a4 Ne7 37. Qb7 Nfg8 38. Nc3 Bd6 39. Bxd6 Qxd6 40. Nxd5 Nxd5
41. Qxd5 Qxd5 42. Bxd5 Kg6 43. Kf1 Kf6 44. Ke2 Ne7 45. Be4 Nc8 46. Kd3 Nd6 47.
f4 Ke7 48. Bc6 Ke6 49. Ke3 f6 50. g4 g5 51. f5+ Ke7 52. Kd3 Kd8 53. Kc3 Ke7 54.
Kb4 Kd8 55. Bd5 Ke7 56. a5 bxa5+ 57. Kxa5 Ne8 58. Kb6 Nd6 59. Kc6 Ne8 60. Bb3
1/2-1/2

[Event "First Saturday 2010 februar GM"]
[Site "?"]
[Date "2010.02.17"]
[Round "12"]
[White "Quinn, Mark"]
[Black "Yu, Lie"]
[Result "1-0"]
[WhiteElo "2401"]
[BlackElo "2359"]
[PlyCount "195"]
[EventDate "2010.02.06"]

1. c4 e6 2. Nc3 d5 3. d4 Nf6 4. cxd5 exd5 5. Bg5 Be7 6. e3 c6 7. Qc2 Nbd7 8.
Bd3 O-O 9. Nge2 Re8 10. O-O Nf8 11. f3 Be6 12. Rad1 Rc8 13. Kh1 Ng6 14. Nf4 Bd7
15. h3 b5 16. g4 Qb6 17. Bf5 Qb7 18. h4 Bxf5 19. Qxf5 Nxf4 20. Bxf4 b4 21. Na4
Qb5 22. b3 Qe2 23. Qd3 Qxd3 24. Rxd3 Nd7 25. h5 Nb6 26. Nc5 Bxc5 27. dxc5 Nd7
28. Bd6 a5 29. Kg2 f6 30. Kf2 Ra8 31. Rd4 Ra7 32. Re1 Nf8 33. e4 dxe4 34. Rdxe4
Rxe4 35. Rxe4 Kf7 36. Bxf8 Kxf8 37. Re6 Rd7 38. Rxc6 Rd2+ 39. Ke3 Rxa2 40. h6
gxh6 41. Rxf6+ Kg7 42. Ra6 Ra3 43. Ke4 Rxb3 44. Rxa5 Rc3 45. Rb5 Kf6 46. Kd5
Rd3+ 47. Kc6 Rxf3 48. Rxb4 Kg5 49. Kb6 h5 50. gxh5 Kxh5 51. c6 Kg5 52. c7 Rf8
53. Kc6 Rf6+ 54. Kd5 Rf5+ 55. Kd4 Rf4+ 56. Kc3 Rf3+ 57. Kc4 Rf4+ 58. Kc5 Rf5+
59. Kb6 Rf6+ 60. Kb7 Rf7 61. Kc6 Rf6+ 62. Kd5 Rf5+ 63. Kd4 Rf4+ 64. Ke3 Rxb4
65. c8=Q Rh4 66. Qd8+ Kh5 67. Qe8+ Kg4 68. Qe6+ Kg5 69. Qg8+ Kf5 70. Kf3 Rh3+
71. Kg2 Rh6 72. Qf7+ Kg5 73. Kg3 Rf6 74. Qxh7 Re6 75. Qg8+ Kf5 76. Kf3 Rd6 77.
Qg4+ Kf6 78. Ke4 Re6+ 79. Kd5 Re5+ 80. Kd6 Rf5 81. Qg8 Rf4 82. Qe6+ Kg5 83. Ke5
Rf3 84. Qg8+ Kh4 85. Ke4 Rf2 86. Qh7+ Kg3 87. Qh5 Rf4+ 88. Ke3 Rg4 89. Qe5+ Kh4
90. Kf3 Rg6 91. Qe7+ Kh5 92. Kf4 Kh6 93. Kf5 Ra6 94. Qh4+ Kg7 95. Qg3+ Kh7 96.
Qc7+ Kh6 97. Qc8 Ra5+ 98. Kf6 1-0

[Event "First Saturday 2010 februar GM"]
[Site "?"]
[Date "2010.02.17"]
[Round "12"]
[White "Rapport, Richard"]
[Black "Sahu, Sekhar Chandra"]
[Result "1-0"]
[WhiteElo "2444"]
[BlackElo "2258"]
[PlyCount "73"]
[EventDate "2010.02.06"]

1. d4 Nf6 2. c4 e6 3. Nf3 c5 4. d5 b5 5. Bg5 exd5 6. cxd5 d6 7. e4 a6 8. Bd3
Be7 9. O-O O-O 10. a4 Nxd5 11. exd5 Bxg5 12. Nxg5 Qxg5 13. axb5 Bg4 14. f3 Bf5
15. Kh1 Qg6 16. Be2 Bxb1 17. Qxb1 Qxb1 18. Rfxb1 a5 19. Ra3 Re8 20. Bf1 Nd7 21.
Rba1 Kf8 22. Kg1 Nb6 23. Rxa5 Rab8 24. Ra7 Re7 25. Rxe7 Kxe7 26. Ra7+ Kf6 27.
g4 g5 28. b3 Ra8 29. Rb7 Nxd5 30. b6 Ke5 31. Bc4 f6 32. Kf2 Ra2+ 33. Kg3 h5 34.
gxh5 Nf4 35. Re7+ Kf5 36. Be6+ Ke5 37. Bf7+ 1-0

[Event "First Saturday 2010 februar GM"]
[Site "?"]
[Date "2010.02.17"]
[Round "12"]
[White "Platzgummer, Fabian"]
[Black "Farago, Ivan"]
[Result "1/2-1/2"]
[WhiteElo "2401"]
[BlackElo "2512"]
[PlyCount "34"]
[EventDate "2010.02.06"]

1. Nf3 Nf6 2. c4 c5 3. Nc3 Nc6 4. g3 d5 5. d4 e6 6. cxd5 Nxd5 7. Bg2 cxd4 8.
Nxd4 Nxc3 9. bxc3 Nxd4 10. Qxd4 Qxd4 11. cxd4 Bb4+ 12. Bd2 Bxd2+ 13. Kxd2 Ke7
14. Rhc1 Rd8 15. Rc7+ Rd7 16. Rac1 Kd8 17. Rxd7+ Bxd7 1/2-1/2

[Event "First Saturday 2010 februar GM"]
[Site "?"]
[Date "2010.02.17"]
[Round "12"]
[White "Paschall, William M"]
[Black "Boros, Denes"]
[Result "1/2-1/2"]
[WhiteElo "2398"]
[BlackElo "2494"]
[PlyCount "20"]
[EventDate "2010.02.06"]

1. Nf3 d5 2. e3 Nf6 3. b3 g6 4. Bb2 Bg7 5. c4 c6 6. Be2 O-O 7. O-O b6 8. d3 Bb7
9. Nbd2 c5 10. cxd5 Bxd5 1/2-1/2

[Event "First Saturday 2010 februar GM"]
[Site "?"]
[Date "2010.02.18"]
[Round "13"]
[White "Farago, Ivan"]
[Black "Paschall, William M"]
[Result "1/2-1/2"]
[WhiteElo "2512"]
[BlackElo "2398"]
[PlyCount "28"]
[EventDate "2010.02.06"]

1. d4 Nf6 2. c4 e6 3. Nf3 b6 4. g3 Bb7 5. Bg2 Be7 6. O-O O-O 7. Nc3 Ne4 8. Nxe4
Bxe4 9. Ne1 Bxg2 10. Nxg2 d5 11. Qa4 Qe8 12. Qxe8 Rxe8 13. cxd5 exd5 14. Be3
Nd7 1/2-1/2

[Event "First Saturday 2010 februar GM"]
[Site "?"]
[Date "2010.02.18"]
[Round "13"]
[White "Sahu, Sekhar Chandra"]
[Black "Platzgummer, Fabian"]
[Result "1/2-1/2"]
[WhiteElo "2258"]
[BlackElo "2401"]
[PlyCount "103"]
[EventDate "2010.02.06"]

1. e4 c5 2. Ne2 d6 3. g3 Nc6 4. Bg2 Nf6 5. O-O h5 6. d4 cxd4 7. Nxd4 Qb6 8.
Nxc6 bxc6 9. Be3 Qc7 10. c4 e5 11. Nc3 h4 12. Qa4 Bd7 13. b4 Ng4 14. Bd2 hxg3
15. hxg3 Rc8 16. Qa5 Qxa5 17. bxa5 Be6 18. c5 dxc5 19. f3 Nf6 20. Be3 Nd7 21.
Rfb1 Rc7 22. Bf1 Bd6 23. Rb2 Ke7 24. Na4 c4 25. Rc2 Rb8 26. Bxc4 Bxc4 27. Rxc4
Rb5 28. Bd2 Nc5 29. Nxc5 Rxc5 30. Rac1 Rxc4 31. Rxc4 c5 32. Kf1 Rb7 33. Rc2
Rb1+ 34. Ke2 Kd7 35. Kd3 Kc6 36. Kc4 Bc7 37. Rc1 Rb2 38. Rd1 f6 39. f4 Rb8 40.
Re1 Rh8 41. Re2 Rh1 42. f5 Ra1 43. Bc3 Rc1 44. Kb3 Rb1+ 45. Kc4 Rc1 46. Kb3 Rg1
47. Be1 Rf1 48. Re3 Rh1 49. Re2 Rh8 50. Kc4 Rb8 51. Bc3 Rb1 52. Re1 1/2-1/2

[Event "First Saturday 2010 februar GM"]
[Site "?"]
[Date "2010.02.18"]
[Round "13"]
[White "Yu, Lie"]
[Black "Rapport, Richard"]
[Result "0-1"]
[WhiteElo "2359"]
[BlackElo "2444"]
[PlyCount "72"]
[EventDate "2010.02.06"]

1. d4 d5 2. c4 c6 3. Nf3 Nf6 4. Nc3 e6 5. cxd5 exd5 6. Bg5 h6 7. Bh4 Bf5 8. e3
Nbd7 9. Bd3 Bxd3 10. Qxd3 Be7 11. O-O O-O 12. Qc2 Nh5 13. Bg3 Nxg3 14. hxg3 Bd6
15. Rab1 Qe7 16. a3 a5 17. Nh4 Qe6 18. Rfe1 f5 19. Qb3 b5 20. a4 b4 21. Ne2 g5
22. Nf3 Nf6 23. Nc1 Ne4 24. Qc2 Rac8 25. Nd3 h5 26. Qe2 Kg7 27. Rbc1 Rh8 28.
Nde5 h4 29. gxh4 g4 30. Ng5 Qh6 31. Nxe4 Qxh4 32. f4 dxe4 33. Qc4 Bxe5 34. fxe5
g3 35. Kf1 Qg4 36. Kg1 Rh2 0-1

[Event "First Saturday 2010 februar GM"]
[Site "?"]
[Date "2010.02.18"]
[Round "13"]
[White "Pap, Gyula"]
[Black "Quinn, Mark"]
[Result "1-0"]
[WhiteElo "2478"]
[BlackElo "2401"]
[PlyCount "137"]
[EventDate "2010.02.06"]

1. d4 Nf6 2. Nf3 e6 3. c4 c5 4. g3 cxd4 5. Nxd4 Bb4+ 6. Bd2 Qb6 7. Bg2 Bc5 8.
e3 Bxd4 9. exd4 Qxd4 10. O-O Nc6 11. Qb3 d5 12. cxd5 Nxd5 13. Rd1 O-O 14. Nc3
Nxc3 15. Bxc3 Qg4 16. Rd2 Qg5 17. Qa3 e5 18. Rd5 Re8 19. Re1 Be6 20. Rb5 Qe7
21. Qxe7 Rxe7 22. Rxb7 Rxb7 23. Bxc6 Rbb8 24. Bxe5 Rc8 25. Bxa8 Rxa8 26. a3 Rc8
27. Bc3 Rc6 28. Re5 f6 29. Rb5 a6 30. Rb8+ Kf7 31. Rd8 Bg4 32. Kg2 Bc8 33. f3
Ke7 34. Rg8 Kf7 35. Rd8 Ke7 36. Rd5 Bb7 37. Rh5 h6 38. g4 Rc4 39. Kg3 Ke6 40.
Ra5 Rc7 41. Ra4 Rc5 42. Rb4 Rb5 43. Rc4 Kd7 44. h4 Rd5 45. Rf4 Rd1 46. Bxf6
gxf6 47. Rxf6 Rd3 48. Rf7+ Kc8 49. h5 Bd5 50. Rf6 Kd7 51. Rxh6 Rxf3+ 52. Kh4
Be6 53. Rh7+ Ke8 54. Rg7 Rf7 55. Rg6 Bc4 56. h6 Bd3 57. Rb6 Rd7 58. g5 Kf7 59.
Rf6+ Ke7 60. Kh5 a5 61. Rb6 Bc2 62. g6 Rd5+ 63. Kg4 Rd4+ 64. Kg5 Rd5+ 65. Kf4
Rd4+ 66. Ke5 Re4+ 67. Kd5 Rg4 68. h7 Rh4 69. Rb8 1-0

[Event "First Saturday 2010 februar GM"]
[Site "?"]
[Date "2010.02.18"]
[Round "13"]
[White "Padmini, Rout"]
[Black "Ilincic, Zlatko"]
[Result "1/2-1/2"]
[WhiteElo "2294"]
[BlackElo "2464"]
[PlyCount "26"]
[EventDate "2010.02.06"]

1. e4 e5 2. Nf3 Nf6 3. Nxe5 d6 4. Nf3 Nxe4 5. Qe2 Qe7 6. d3 Nf6 7. Bg5 Qxe2+ 8.
Bxe2 Be7 9. Nc3 c6 10. Ne4 Nxe4 11. dxe4 Bxg5 12. Nxg5 h6 13. Nf3 Ke7 1/2-1/2